Analýza hospodárenia podniku finančná analýza a controlling pri analýze hospodárenia podniku
Enregistré dans:
| Auteur principal: | |
|---|---|
| Format: | Livre |
| Langue: | slovaque |
| Publié: |
Bratislava
Vydavateľstvo STU
2002
|
| Édition: | 2. oprav. vyd. |
| Sujets: | |
| Tags: |
Pas de tags, Soyez le premier à ajouter un tag!
|
MARC
| LEADER | 00000nam a2200000 4500 | ||
|---|---|---|---|
| 001 | c134858 | ||
| 005 | 20221124094340.3 | ||
| 020 | |a 80-227-1679-0 | ||
| 041 | 0 | |a slo | |
| 044 | |a SK | ||
| 245 | 1 | 0 | |a Analýza hospodárenia podniku |b finančná analýza a controlling pri analýze hospodárenia podniku |c Dušan Baran |
| 250 | |a 2. oprav. vyd. | ||
| 264 | 1 | |a Bratislava |b Vydavateľstvo STU |c 2002 | |
| 300 | |a 185 s. | ||
| 610 | 2 | 0 | |a analýza ekonomická |
| 610 | 2 | 0 | |a hospodárenie podnikové |
| 610 | 2 | 0 | |a analýza finančná |
| 610 | 2 | 0 | |a kontroling |
| 610 | 2 | 0 | |a ukazovatele ekonomické |
| 610 | 2 | 0 | |a ukazovatele finančné |
| 610 | 2 | 0 | |a likvidita |
| 610 | 2 | 0 | |a výkazy finančné |
| 610 | 2 | 0 | |a cash flow |
| 610 | 2 | 0 | |a výsledok hospodársky |
| 610 | 2 | 0 | |a podnik |
| 610 | 2 | 0 | |a účtovníctvo vnútropodnikové |
| 610 | 2 | 0 | |a kontrola finančná |
| 610 | 2 | 0 | |a investície |
| 100 | 1 | |a Baran, Dušan | |